Poets in their youth : a memoir /

Bibliographic Details
Main Author: Simpson, Eileen B.
Format: Book
Language:English
Published: New York : Random House, [1982]
Edition:1st ed.
Subjects:

MARC

Tag First Indicator Second Indicator Subfields
LEADER 00000pam a2200000 a 4500
001 in00000081307
005 20151008061025.0
008 811201s1982 nyuc b 00110ceng
010 |a  81048295  
020 |a 0394523172 
035 |a (OCoLC)08033660 
035 |9 AAJ7128AM 
039 0 |a 2  |b 3  |c 3  |d 3  |e 3 
040 |a DLC  |c DLC  |d TXA  |d UtOrBLW 
043 |a n-us--- 
049 |a TXAM  |c [1442993] 
050 0 0 |a PS3569.I489  |b Z473 1982 
082 0 |a 811/.54/09  |a B  |2 19 
100 1 |a Simpson, Eileen B. 
245 1 0 |a Poets in their youth :  |b a memoir /  |c Eileen Simpson. 
250 |a 1st ed. 
264 1 |a New York :  |b Random House,  |c [1982] 
264 4 |c ©1982 
300 |a 272 pages :  |b portraits ;  |c 25 cm. 
336 |a text  |b txt  |2 rdacontent 
337 |a unmediated  |b n  |2 rdamedia 
338 |a volume  |b nc  |2 rdacarrier 
504 |a Includes bibliographical references and index. 
600 1 0 |a Simpson, Eileen B.  |x Friends and associates. 
600 1 0 |a Berryman, John,  |d 1914-1972. 
650 0 |a Poets, American  |y 20th century  |v Biography. 
650 0 |a Authors, American  |y 20th century  |v Biography. 
999 |a MARS 
999 f f |s 51556cc2-9f11-3f3f-b39f-a595f84c9c2c  |i 9879f268-8f91-3bda-ac82-9962bff8ead6  |t 0 
952 f f |p ric  |a Texas A&M University  |b Rellis Campus  |c Joint Library Facility  |d Remote Storage  |t 0  |e PS3569.I489 Z473 1982  |h Library of Congress classification  |i unmediated -- volume  |m A14810773539 
998 f f |a PS3569.I489 Z473 1982  |t 0  |l Remote Storage